000 00310nam a22001457a 4500
008 221011b ||||| |||| 00| 0 eng d
020 _a0815132697
041 _aeng
080 _a616.8
082 _a616.8FOX
100 _a12
101 _aKANC
245 _aTUMOURS OF THE OVARY
_cFOX H
942 _2udc
_cBK
999 _c58474
_d58474